[Event "Titled Tuesday intern op 28th May Late"]
[Site "Chess.com INT"]
[Date "2024.05.28"]
[Round "6"]
[White "Van Baar, Esper"]
[Black "Carrasco Miranda, Andres"]
[Result "1-0"]
[WhiteElo "2207"]
[BlackElo "2221"]
[PlyCount "157"]
[EventDate "2024.05.28"]
[EventType "swiss (blitz)"]
[EventRounds "11"]
[EventCountry "USA"]
[SourceTitle "EXT 2025"]
[Source "ChessBase"]
[SourceDate "2024.10.14"]
[SourceVersion "1"]
[SourceVersionDate "2024.10.14"]
[SourceQuality "1"]

1. e4 e5 2. Nf3 Nc6 3. Bb5 Nf6 4. 0-0 Nxe4 5. Re1 Nd6 6. Nxe5 Be7 7. Bf1 Nxe5 8. Rxe5 0-0 9. Nc3 Bf6 10. Re1 Re8 11. Nd5 Rxe1 12. Qxe1 Bg5 13. g3 c6 14. Nc3 Ne8 15. h4 Be7 16. d4 d5 17. Bd3 g6 18. Bf4 Ng7 19. Qe2 Bf5 20. Re1 Bd6 21. Be5 Bxd3 22. Qxd3 Bxe5 23. Rxe5 Ne6 24. Ne2 Qf6 25. c3 h5 26. a4 a5 27. Qe3 Kg7 28. Nc1 b6 29. Nd3 Ra7 30. Qe2 Rb7 31. Re3 b5 32. Rf3 Qe7 33. Ne5 Qd6 34. axb5 cxb5 35. Qd3 Nc5 36. Qc2 Ne4 37. Nd3 b4 38. cxb4 axb4 39. Nc5 Rc7 40. Nxe4 dxe4 41. Qxe4 Rc1+ 42. Kg2 Rd1 43. Qe5+ Qxe5 44. dxe5 Re1 45. Rb3 Re4 46. Kf3 Rc4 47. Ke3 Kf8 48. Kd3 Rc5 49. Rxb4 Rxe5 50. Re4 Rb5 51. b4 f5 52. Rc4 Kf7 53. Kc3 Kf6 54. Rc5 Rb8 55. b5 f4 56. Kc4 fxg3 57. fxg3 Ke6 58. Rg5 Kf6 59. Kc5 Rc8+ 60. Kb4 Rb8 61. Kc4 Rc8+ 62. Rc5 Rb8 63. Kb4 Rd8 64. b6 Rd1 65. Kb5 Rb1+ 66. Kc6 Ke6 67. b7 g5 68. hxg5 Rc1 69. Rxc1 Kf5 70. Rh1 Kg4 71. Rxh5 Kxh5 72. b8Q Kxg5 73. Qf4+ Kh5 74. g4+ Kg6 75. Qf5+ Kg7 76. Kd6 Kg8 77. Ke6 Kh8 78. Qg5 Kh7 79. Kf7 1-0

[Event "Titled Tuesday intern op 28th May Late"]
[Site "Chess.com INT"]
[Date "2024.05.28"]
[Round "2"]
[White "Villarreal, Agustin"]
[Black "Van Baar, Esper"]
[Result "1-0"]
[WhiteElo "2292"]
[BlackElo "2207"]
[PlyCount "67"]
[EventDate "2024.05.28"]
[EventType "swiss (blitz)"]
[EventRounds "11"]
[EventCountry "USA"]
[SourceTitle "EXT 2025"]
[Source "ChessBase"]
[SourceDate "2024.10.14"]
[SourceVersion "1"]
[SourceVersionDate "2024.10.14"]
[SourceQuality "1"]

1. Nf3 Nf6 2. d4 g6 3. c4 Bg7 4. Nc3 0-0 5. Bf4 d5 6. e3 c6 7. Be2 Bf5 8. 0-0 Nbd7 9. h3 Ne4 10. Qb3 Nxc3 11. bxc3 dxc4 12. Bxc4 Nb6 13. Be2 Qd7 14. Be5 Be4 15. Bxg7 Bxf3 16. Bxf3 Kxg7 17. Rfe1 Rfe8 18. a4 Nd5 19. Rab1 Rab8 20. c4 Nf6 21. Red1 Qc7 22. e4 Red8 23. e5 Ne8 24. Qc3 e6 25. Rb2 Qe7 26. g3 Nc7 27. h4 h5 28. Kg2 Na6 29. Rdb1 c5 30. d5 exd5 31. cxd5 Nb4 32. Rd2 b6 33. Re1 Rd7 34. e6+ 1-0

[Event "Titled Tuesday intern op 21st May Late"]
[Site "Chess.com INT"]
[Date "2024.05.21"]
[Round "8"]
[White "Campos, Maria Jose"]
[Black "Van Baar, Esper"]
[Result "0-1"]
[WhiteElo "2214"]
[BlackElo "2207"]
[PlyCount "102"]
[EventDate "2024.05.21"]
[EventType "swiss (blitz)"]
[EventRounds "11"]
[EventCountry "USA"]
[SourceTitle "CBM 220 Extra"]
[Source "ChessBase"]
[SourceDate "2024.07.31"]
[SourceVersion "1"]
[SourceVersionDate "2024.07.31"]
[SourceQuality "1"]

1. b3 d5 2. Bb2 Bg4 3. h3 Bh5 4. g4 Bg6 5. Bg2 Nf6 6. d3 e6 7. Nf3 Nbd7 8. Nbd2 Bd6 9. c4 c6 10. Qc2 0-0 11. 0-0 h5 12. g5 Nh7 13. h4 f6 14. gxf6 Nhxf6 15. e4 dxe4 16. dxe4 Ng4 17. Rad1 Qe7 18. Qc3 Bf4 19. Nb1 Nde5 20. Ba3 Nxf3+ 21. Qxf3 Qxh4 22. Qh3 Qxh3 23. Bxh3 Rfd8 24. f3 Ne3 25. Rxd8+ Rxd8 26. Bxe6+ Bf7 27. Bxf7+ Kxf7 28. Re1 Nc2 29. Rf1 Nxa3 30. Nxa3 Rd2 31. Nb1 Rxa2 32. Nc3 Rb2 33. Na4 Rxb3 34. Nc5 Rb2 35. Na4 Rc2 36. Rb1 b6 37. c5 b5 38. Nb2 Rc1+ 39. Rxc1 Bxc1 40. Nd3 Bd2 41. Ne5+ Ke6 42. Nxc6 Be3+ 43. Kg2 Bxc5 44. f4 b4 45. f5+ Kd6 46. Na5 Bb6 47. Nc4+ Kc5 48. Nxb6 axb6 49. e5 b3 50. f6 gxf6 51. exf6 Kd6 0-1